<?xml version="1.0" encoding="UTF-8"?><?xml-stylesheet type="text/xsl" href="static/style.xsl"?><OAI-PMH xmlns="http://www.openarchives.org/OAI/2.0/" xmlns:xsi="http://www.w3.org/2001/XMLSchema-instance" xsi:schemaLocation="http://www.openarchives.org/OAI/2.0/ http://www.openarchives.org/OAI/2.0/OAI-PMH.xsd"><responseDate>2026-06-03T11:46:30Z</responseDate><request verb="GetRecord" identifier="oai:riuma.uma.es:10630/37483" metadataPrefix="marc">https://riuma.uma.es/rest/oai/request</request><GetRecord><record><header><identifier>oai:riuma.uma.es:10630/37483</identifier><datestamp>2026-02-03T11:33:11Z</datestamp><setSpec>com_10630_2254</setSpec><setSpec>col_10630_37953</setSpec></header><metadata><record xmlns="http://www.loc.gov/MARC21/slim" xmlns:dcterms="http://purl.org/dc/terms/" xmlns:doc="http://www.lyncode.com/xoai" xmlns:xsi="http://www.w3.org/2001/XMLSchema-instance" xsi:schemaLocation="http://www.loc.gov/MARC21/slim http://www.loc.gov/standards/marcxml/schema/MARC21slim.xsd">
   <leader>00925njm 22002777a 4500</leader>
   <datafield ind2=" " ind1=" " tag="042">
      <subfield code="a">dc</subfield>
   </datafield>
   <datafield ind2=" " ind1=" " tag="720">
      <subfield code="a">Padilla-Carmona, María Teresa</subfield>
      <subfield code="e">author</subfield>
   </datafield>
   <datafield ind2=" " ind1=" " tag="720">
      <subfield code="a">Martínez-García, Inmaculada</subfield>
      <subfield code="e">author</subfield>
   </datafield>
   <datafield ind2=" " ind1=" " tag="260">
      <subfield code="c">2012</subfield>
   </datafield>
   <datafield ind2=" " ind1=" " tag="520">
      <subfield code="a">Numerosos estudios han explorado las barreras que dificultan el acceso de las mujeres a los puestos directivos en las escuelas, pero existe poca información sobre las motivaciones y aspiraciones de los estudiantes que cursan titulaciones relacionadas con la educación en España. ¿Qué esperan lograr estos estudiantes? ¿Por qué eligen sus carreras? ¿Es el género un factor determinante en sus planes profesionales? Explorar estas cuestiones puede ayudarnos a comprender la distribución del género en los diferentes puestos educativos. Mediante un enfoque narrativo, este estudio recopiló información sobre las influencias, valores y aspiraciones de 18 estudiantes (11 mujeres). Se realizaron entrevistas en profundidad con cinco. Los resultados muestran que las elecciones profesionales fueron esencialmente vocacionales, con la mayoría buscando trabajos basados en el cuidado como medio de realización personal. Las diferencias de género fueron escasas y sutiles; hubo cierta presión familiar en las decisiones de las chicas, y además más estudiantes mujeres que hombres manifestaron sentirse "naturalmente" preparadas para cuidar de otros.</subfield>
   </datafield>
   <datafield ind1="8" ind2=" " tag="024">
      <subfield code="a">Padilla Carmona, M.T. y Martínez García, I. (2012). Influences, values and career aspirations of future professionals in education: a gender perspective. Educational Review, 65(3), 357-371</subfield>
   </datafield>
   <datafield ind1="8" ind2=" " tag="024">
      <subfield code="a">https://hdl.handle.net/10630/37483</subfield>
   </datafield>
   <datafield ind1="8" ind2=" " tag="024">
      <subfield code="a">10.1080/00131911.2012.674010</subfield>
   </datafield>
   <datafield tag="653" ind2=" " ind1=" ">
      <subfield code="a">Mujeres - Trabajo</subfield>
   </datafield>
   <datafield tag="653" ind2=" " ind1=" ">
      <subfield code="a">Ejecutivas</subfield>
   </datafield>
   <datafield ind2="0" ind1="0" tag="245">
      <subfield code="a">Influences, values and career aspirations of future professionals in education: a gender perspective</subfield>
   </datafield>
</record>
</metadata></record></GetRecord></OAI-PMH>